LEADER 01128nam a2200241 i 4500 001 000000061940 003 CaOOAMICUS 005 20130430000000.0 008 130430s1841 xx u000 u fre u 013 $a33112 040 $aSeMil$bita 100 1 $aCombalot, Théodore .$0(OLS)http://semarc/name/23813 245 13$aLa connaissance de Jésus-Christ, ou Le dogme de l'incarnation, envisagé comme la raison dernière et supréme de tout ce qui est /$cpar m. l'abbé Combalot. 260 $aParis :$bGaume frères,$c1841. 300 $aXIII, 489 p. ;$c23 cm. 600 04$aGesù Cristo.$0(OLS)http://semarc/subject/712 650 4$aGesù Cristo - Incarnazione.$0(OLS)http://semarc/subject/1867 850 $aSeMil 852 $aSeMil$W1$xVenegono$y1$m2L II 114 FA$j28093$B28093$CSeMilBibl$Z2$F28096 $8I 941 1 $a10 961 $aRecupero: Mantegazza 996 $6245$aLa connaissance de Jésus-Christ, ou Le dogme de l'incarnation, envisagé comme la raison dernière et supréme de tout ce qui est$9(OLS)http://semarc/title/97452 996 $6260$aParis :$bGaume frères$9(OLS)http://semarc/publisher/31173 LEADER 01224nam a2200289 i 4500 001 000000075328 003 CaOOAMICUS 005 20140820000000.0 008 140820s1993 it u000 u ita u 013 $a46500 020 $a88-7610-446-1 040 $aSeMil$bita 100 1 $aGiavini, Giovanni,$c.$0(OLS)http://semarc/name/17859 245 10$aMa io vi dico :$besegesi e vita attorno al Discorso della Montagna /$cGiovanni Giavini. 250 $a2. Ed. riveduta e aggiornata. 260 $aMilano :$bÀncora,$c1993. 300 $a163 p. ;$c21 cm. 490 0 $aParola di vita 500 $aContiene : Bibliografia. 650 4$aBibbia. Nuovo Testamento. Vangelo secondo Matteo - Discorso della montagna.$0(OLS)http://semarc/subject/373 830 0$aParola di vita.$0(OLS)http://semarc/title/644 850 $aSeMil 852 $aSeMil$W1$xVenegono$y1$m2Z III 260$j41480$B41480$CSeMilBibl$Z2$F41484 $81 961 $aOmaggio: Donazione 996 $6020$a88-7610-446-1$9(OLS)http://semarc/number/55782 996 $6245$aMa io vi dico :$besegesi e vita attorno al Discorso della Montagna$9(OLS)http://semarc/title/122179 996 $6260$aMilano :$bÀncora$9(OLS)http://semarc/publisher/29763